| 000 | 00665nam a22002651c 4500 | ||
|---|---|---|---|
| 001 | a987663274 | ||
| 008 | 090311s1999 gw |||| 000u ger d | ||
| 041 | _ager | ||
| 245 | 0 | 0 |
_aEisenhüttenstadt : _b"Erste sozialistische Stadt Deutschlands" |
| 264 |
_aBerlin : _bbe.bra Verlag, _c1999 |
||
| 300 | _a247 S. | ||
| 650 | 0 | _aMetallindustrie | |
| 650 | 0 | _aWirtschaft | |
| 650 | 0 | _aStadt | |
| 650 | 0 | _aStadtplanung | |
| 650 | 0 | _aAlltag | |
| 650 | 0 | _aSkulptur | |
| 650 | 0 | _aKunst | |
| 651 | 0 | _aBrandenburg | |
| 651 | 0 | _aDDR | |
| 710 | 2 | _aArbeitsgruppe Stadtgeschichte <Eisenhüttenstadt> | |
| 942 | _cMG | ||
| 040 | _cRU-10907106 | ||
| 003 | RU-10907106 | ||
| 999 |
_c17746 _d17746 |
||